000 00430ntaaa2200181 4500
003 01
005 20251027202134.0
008 0714s1973 ag 01
040 _aAR-BaBN
_bspa
_cAR-BaBN
_eaacr
_dRIC
082 _a262.0000 L11i
100 _aLacueva, Francisco
_9663
245 _aLa iglesia, cuerpo de Cristo
250 _a1 ed.
260 _aTarrasa :
_bClie,
_c1973
300 _a135 p
650 _aeclesiologia
942 _cBK
999 _c16321
_d16321